| 000 | 00000nam##2200000za#4500 |
| 001 | 9.581108 |
| 003 | CaOODSP |
| 005 | 20210624191348 |
| 007 | cr ||||||||||| |
| 008 | 150406|2014||||xxc|||||o f|0| 0 eng|d |
| 020 | |a978-1-100-25284-1 |
| 022 | |a1488-5417 |
| 040 | |aCaOODSP|beng |
| 043 | |an-cn--- |
| 086 | 1 |aFs97-18/302E-PDF |
| 110 | 1 |aCanada. |bDepartment of Fisheries and Oceans. |
| 245 | 14|aThe state of phytoplankton and bacterioplankton in the Labrador Sea : |h[electronic resource]|bAtlantic Zone Off-Shelf Monitoring Program 1994-2013 / |c[by] W.K.W. Li and W.G. Harrison. |
| 260 | |aDartmouth - Nova Scotia : |bFisheries and Oceans Canada |c2014. |
| 300 | |a201p.|bfigs., graphs, references, tables |
| 490 | 1 |aCanadian technical report of hydrography and ocean sciences|x1488-5417|v302 |
| 546 | |a(Résumé en français) |
| 590 | |a15-12|b2015-03-20 |
| 776 | 0#|tThe state of phytoplankton and bacterioplankton in the Labrador Sea : |w(CaOODSP)9.515982 |
| 830 | #0|aCanadian technical report of hydrography and ocean sciences,|x1488-5417|v302|w(CaOODSP)9.504781 |
| 856 | 40|ahttp://publications.gc.ca|qPDF|s11.34 MB|uhttps://publications.gc.ca/collections/collection_2015/mpo-dfo/Fs97-18-302-eng.pdf|y302 |